| 000 | 00506 a2200121 4500 | ||
|---|---|---|---|
| 001 | ART_26023 | ||
| 005 | 20260410161935.0 | ||
| 008 | 260409a | ||
| 245 | 1 | 0 | _aLa economía argentina en la década del 90 |
| 653 | _aEl programa económico 1967/69 pp. 127-172 1967/69 economic program a global and simultaneous attack on inflation | ||
| 100 | 1 | _aKrieger Vasena, Adalbert | |
| 773 | 0 |
_tAnales de la Academia Nacional de Ciencias Económicas _g- Vol. XLIII, (1998) (ene. 1999) _wREV25596 |
|
| 999 |
_c28983 _d28983 |
||